Todas as Músicas do "Los Hermanos" - Statistics

Estatísticas Gerais
  • Esse quiz foi jogado 131 vezes
  • A pontuação média é 22 de 55
Estatísticas das Respostas
Álbum Música % Correto
"Los Hermanos" Anna Júlia
97%
''Ventura'' Último Romance
75%
''4'' O Vento
73%
''Bloco do Eu Sozinho'' Sentimental
73%
''Bloco do Eu Sozinho'' Todo Carnaval Tem Seu Fim
71%
''Ventura'' O Velho e o Moço
67%
''Bloco do Eu Sozinho'' A Flor
63%
''Los Hermanos'' Quem Sabe
59%
''Los Hermanos'' Pierrot
56%
''Los Hermanos'' Primavera
56%
''Ventura'' Conversa de Botas Batidas
55%
''4'' Morena
54%
''Los Hermanos" Bárbara
53%
''Ventura'' O Vencedor
53%
''4'' Condicional
51%
''Bloco do Eu Sozinho'' Retrato Pra Iaiá
49%
"Los Hermanos" Aline
48%
''Ventura'' Cara Estranho
48%
''Ventura'' Samba a Dois
47%
''Ventura'' A Outra
46%
Single Corre Corre
46%
''Ventura'' Do Sétimo Andar
45%
''Bloco do Eu Sozinho'' Casa Pré-Fabricada
44%
''Los Hermanos'' Tenha Dó
44%
''Ventura'' Além do Que Se Vê
43%
"Los Hermanos" Azedume
42%
''4'' Primeiro Andar
42%
''Bloco do Eu Sozinho'' Cadê Teu Suín-?
40%
''4'' Paquetá
37%
''Bloco do Eu Sozinho'' Veja Bem Meu Bem
37%
''Ventura'' Deixa o Verão
35%
''Los Hermanos'' Descoberta
35%
''Ventura'' De Onde Vem a Calma
31%
''Ventura'' Um Par
31%
''Los Hermanos'' Lágrimas Sofridas
30%
''4'' Dois Barcos
29%
''4'' Pois É
29%
''Bloco do Eu Sozinho'' Adeus Você
28%
''Bloco do Eu Sozinho'' Cher Antoine
27%
''Bloco do Eu Sozinho'' Deixa Estar
27%
''Ventura'' Do Lado de Dentro
24%
''Ventura'' O Pouco Que Sobrou
24%
''Los Hermanos'' Outro Alguém
24%
''Los Hermanos'' Sem Ter Você
24%
''4'' Horizonte Distante
23%
''4'' Sapato Novo
22%
''Bloco do Eu Sozinho'' Assim Será
20%
''Bloco do Eu Sozinho'' Mais uma Canção
20%
''Los Hermanos'' Onze Dias
20%
''4'' Os Pássaros
20%
''Bloco do Eu Sozinho'' Tão Sozinho
20%
''4'' É de Lágrima
19%
''Bloco do Eu Sozinho'' Fingi na Hora de Rir
17%
''Los Hermanos'' Vai Embora
15%
''4'' Fez-se Mar
14%
Nenhum quiz correspondente encontrado
Distribuição das Pontuações
Porcentagem de Pessoas com Cada Pontuação
Percentil de Números Respondidos
Sua Pontuação Histórica
Você não jogou esse quiz